| 000 | 00475nam a22001337a 4500 | ||
|---|---|---|---|
| 003 | SGT | ||
| 082 |
_a617.3 _bE21T |
||
| 100 | _aTANWAR, ANSHU | ||
| 245 | _aEffect Of Mindfulness Based Stress Reducation Therapy And Deep Cervical Flexor Muscle Training On pain Sitting Neck Posture Alignment And Lifestyle Factors In Patients With Cervical Radicular Pain Syndrome | ||
| 260 |
_aSGT UNIVERSITY _bSGT UNIVERSITY _c2021 |
||
| 300 | _a150 | ||
| 650 | _aMPT THESIS | ||
| 942 |
_2ddc _cTH |
||
| 999 |
_c26376 _d26376 |
||